Steel detailers' manual (Record no. 102197)

MARC details
000 -LEADER
fixed length control field 00910cam a2200277 4500
008 - FIXED-LENGTH DATA ELEMENTS--GENERAL INFORMATION
fixed length control field 020719n2002 000 0 eng u
020 ## - INTERNATIONAL STANDARD BOOK NUMBER
International Standard Book Number 0632055723
035 ## - SYSTEM CONTROL NUMBER
System control number (Sirsi) u118912
050 ## - LIBRARY OF CONGRESS CALL NUMBER
Classification number 693.71
100 ## - MAIN ENTRY--PERSONAL NAME
Personal name Hayward, A.
245 ## - TITLE STATEMENT
Title Steel detailers' manual
250 ## - EDITION STATEMENT
Edition statement 2nd ed.
260 ## - PUBLICATION, DISTRIBUTION, ETC.
Place of publication, distribution, etc. Oxford
Name of publisher, distributor, etc. Blackwell Science
Date of publication, distribution, etc. 2002
300 ## - PHYSICAL DESCRIPTION
Extent 167p.
Other physical details ill.
Dimensions 30cm.
350 ## - PRICE (NR) (BK AM CF MU VM SE) [OBSOLETE]
Price 39.50
520 ## - SUMMARY, ETC.
Summary, etc. An illustrated practical guide to detailing structural steelwork which has been updated to reflect the changes to the relevant standards including BS5950. A completely new chapter has been added to cover computer aided detailing.
650 ## - SUBJECT ADDED ENTRY--TOPICAL TERM
Topical term or geographic name entry element BS 5950
650 ## - SUBJECT ADDED ENTRY--TOPICAL TERM
Topical term or geographic name entry element DETAILING
650 ## - SUBJECT ADDED ENTRY--TOPICAL TERM
Topical term or geographic name entry element STEEL FRAMES
650 ## - SUBJECT ADDED ENTRY--TOPICAL TERM
Topical term or geographic name entry element STEEL STRUCTURES
650 ## - SUBJECT ADDED ENTRY--TOPICAL TERM
Topical term or geographic name entry element STRUCTURAL STEELWORK
690 ## - LOCAL SUBJECT ADDED ENTRY--TOPICAL TERM (OCLC, RLIN)
Topical term or geographic name as entry element BUILDING AND CONSTRUCTION-ENGINEERING
700 ## - ADDED ENTRY--PERSONAL NAME
Personal name Weare, F.
700 ## - ADDED ENTRY--PERSONAL NAME
Personal name Oakwell, A.
942 ## - ADDED ENTRY ELEMENTS (KOHA)
Suppress in OPAC 0
Holdings
Withdrawn status Lost status Source of classification or shelving scheme Damaged status Not for loan Home library Current library Shelving location Date acquired Cost, normal purchase price Total Checkouts Full call number Barcode Date last seen Date last checked out Copy number Cost, replacement price Price effective from Koha item type
    Dewey Decimal Classification     London London Folio 02/08/2002 33.57 6 F693.71 HAY 30066381 06/08/2019 01/08/2006 1 33.57 06/08/2019 Book